| 000 | 01053cam a22003257a 4500 | ||
|---|---|---|---|
| 003 | CHAP | ||
| 005 | 20220329142948.0 | ||
| 008 | 050428d2001 mx a r 00110 spa d | ||
| 010 | _a90193 | ||
| 011 | _a91165 | ||
| 020 | _a9706860770 | ||
| 035 | _a101723 | ||
| 040 | _cCHAP | ||
| 082 | 0 | 4 |
_a621 _bB6 |
| 100 | 0 | 0 |
_aBoresi, Arthur P. _913858 |
| 245 | 1 | 0 |
_aIngeniería mecánica : _bestática _c/por Arthur P. Boresi y Richard J. Schmidt |
| 260 |
_aMéxico, D.F. : _bInternational Thomson Editores, _c2001. |
||
| 300 |
_a682 p. : _bilus. ; gráfs. |
||
| 590 |
_aBATCH-UPD _b10 _c20130110 _lUCH01 _h0819 |
||
| 590 |
_aBATCH-UPD _b10 _c20130410 _lUCH01 _h0456 |
||
| 590 |
_aBATCH-UPD _b10 _c20130914 _lUCH01 _h0658 |
||
| 590 |
_aCONVERSION _b10 _c20130109 _lUCH01 _h1350 |
||
| 650 | 1 | 4 |
_aEstática. _938334 |
| 650 | 1 | 4 |
_aIngeniería mecánica. _958260 |
| 700 | 0 |
_aSchmidt, Richard J. _9103062 |
|
| 901 | _aBK | ||
| 905 | _aAlejandra Carrasco M. | ||
| 942 | _cLIBRO | ||
| 949 |
_a621 B6 _bBC _cLIBRO _d33724000799292 _eLIBRO _h105349 _i101723 _kI. c/e _si _t$ 238.00 |
||
| 999 |
_c90193 _d90193 |
||